[Event "EU-Cup 23rd"]
[Site "Kemer"]
[Date "2007.10.09"]
[Round "7.4"]
[White "Garcia Ortega Mendez, Jose Manuel"]
[Black "Cast, Abigail"]
[Result "0-1"]
[WhiteElo "2190"]
[BlackElo "2086"]
[PlyCount "105"]
[EventDate "2007.10.03"]
[EventType "team-swiss"]
[EventRounds "7"]
[EventCountry "TUR"]
[SourceTitle "CBM 121"]
[Source "ChessBase"]
[SourceDate "2007.11.14"]
[SourceVersion "1"]
[SourceVersionDate "2007.11.14"]
[SourceQuality "1"]
[WhiteTeam "Ajoblanco Extremadura"]
[BlackTeam "Nidum Liberals"]
[WhiteTeamCountry "ESP"]
[BlackTeamCountry "WLS"]

1. d4 d5 2. Nf3 Nf6 3. c4 c6 4. Nc3 e6 5. e3 Bd6 6. Bd3 Nbd7 7. 0-0 0-0 8. e4 dxe4 9. Nxe4 Nxe4 10. Bxe4 Nf6 11. Bc2 h6 12. Qe2 Re8 13. b3 c5 14. Bb2 cxd4 15. Nxd4 Qe7 16. Nb5 e5 17. Nxd6 Qxd6 18. Rfd1 Qc5 19. h3 b6 20. Qf3 Rb8 21. Qg3 Bb7 22. Re1 Nh5 23. Qg4 Nf6 24. Qf5 Bc8 25. Qf3 Bb7 26. Qg3 Nh5 27. Qe3 Qxe3 28. Rxe3 e4 29. Rae1 f5 30. g4 f4 31. R3e2 f3 32. Re3 Nf4 33. Bxe4 Ne2+ 34. R3xe2 fxe2 35. Bc2 Rbd8 36. Bc3 Bf3 37. Kh2 Rd1 38. Kg3 Rxe1 39. Bxe1 Be4 40. Bxe4 Rxe4 41. f3 Re8 42. Kf2 Kf7 43. f4 g6 44. Kf3 h5 45. Kf2 hxg4 46. hxg4 Re6 47. Kf3 g5 48. fxg5 Kg6 49. Kg3 Kxg5 50. Bd2+ Kg6 51. Be1 Kf6 52. Kf2 Kf7 53. b4 0-1

[Event "EU-Cup 23rd"]
[Site "Kemer"]
[Date "2007.10.07"]
[Round "5.3"]
[White "Robinson, David"]
[Black "Cast, Abigail"]
[Result "1/2-1/2"]
[WhiteElo "1986"]
[BlackElo "2086"]
[PlyCount "21"]
[EventDate "2007.10.03"]
[EventType "team-swiss"]
[EventRounds "7"]
[EventCountry "TUR"]
[SourceTitle "CBM 121"]
[Source "ChessBase"]
[SourceDate "2007.11.14"]
[SourceVersion "1"]
[SourceVersionDate "2007.11.14"]
[SourceQuality "1"]
[WhiteTeam "Cwmbran"]
[BlackTeam "Nidum Liberals"]
[WhiteTeamCountry "WLS"]
[BlackTeamCountry "WLS"]

1. e4 e6 2. c4 d5 3. exd5 exd5 4. d4 Nf6 5. Nf3 Bd6 6. Nc3 dxc4 7. Bxc4 Nc6 8. 0-0 0-0 9. Re1 Bg4 10. Be3 Bxf3 11. Qxf3 1/2-1/2

[Event "EU-Cup 23rd"]
[Site "Kemer"]
[Date "2007.10.04"]
[Round "2.4"]
[White "Apaydin, Fethi"]
[Black "Cast, Abigail"]
[Result "1-0"]
[WhiteElo "2210"]
[BlackElo "2086"]
[PlyCount "95"]
[EventDate "2007.10.03"]
[EventType "team-swiss"]
[EventRounds "7"]
[EventCountry "TUR"]
[SourceTitle "CBM 121"]
[Source "ChessBase"]
[SourceDate "2007.11.14"]
[SourceVersion "1"]
[SourceVersionDate "2007.11.14"]
[SourceQuality "1"]
[WhiteTeam "Besiktas Jimnastik"]
[BlackTeam "Nidum Liberals"]
[WhiteTeamCountry "TUR"]
[BlackTeamCountry "WLS"]

1. Nc3 d5 2. d4 Nf6 3. Bg5 Bf5 4. f3 h6 5. Bxf6 gxf6 6. e4 Be6 7. Nge2 c6 8. Nf4 Qd6 9. Nxe6 Qxe6 10. Qe2 Qd7 11. 0-0-0 e6 12. Qd3 Be7 13. Qe3 Qc7 14. Re1 dxe4 15. fxe4 f5 16. Kb1 fxe4 17. Bc4 Nd7 18. Nxe4 Nb6 19. Bb3 Nd5 20. Qf3 Qf4 21. Bxd5 Qxf3 22. Bxc6+ bxc6 23. gxf3 0-0-0 24. c3 Rd5 25. Rhg1 Rf5 26. Ref1 Kc7 27. f4 Bd6 28. Rg7 Bf8 29. Rg2 Be7 30. Ng3 Rd5 31. f5 exf5 32. Nxf5 Bd8 33. Kc2 h5 34. Ng7 Rd7 35. Rgf2 Rh7 36. Ne8+ Kb6 37. Nf6 Bxf6 38. Rxf6 Rg7 39. R1f2 h4 40. R6f4 Rh7 41. h3 Re7 42. Kd3 Kb7 43. Kc4 Kb6 44. b4 Rd7 45. a4 a5 46. Rf6 axb4 47. cxb4 Kb7 48. R2f5 1-0

[Event "EU-Cup 23rd"]
[Site "Kemer"]
[Date "2007.10.03"]
[Round "1.3"]
[White "Dambrauskas, Virginijus A"]
[Black "Cast, Abigail"]
[Result "1-0"]
[WhiteElo "2337"]
[BlackElo "2086"]
[PlyCount "57"]
[EventDate "2007.10.03"]
[EventType "team-swiss"]
[EventRounds "7"]
[EventCountry "TUR"]
[SourceTitle "CBM 121"]
[Source "ChessBase"]
[SourceDate "2007.11.14"]
[SourceVersion "1"]
[SourceVersionDate "2007.11.14"]
[SourceQuality "1"]
[WhiteTeam "Vilnius"]
[BlackTeam "Nidum Liberals"]
[WhiteTeamCountry "LTU"]
[BlackTeamCountry "WLS"]

1. d4 d5 2. Nf3 Nf6 3. c4 c6 4. Nc3 a6 5. c5 Bf5 6. Qb3 Qc7 7. Bf4 Qc8 8. e3 Nbd7 9. h3 h6 10. g4 Bh7 11. Na4 Be4 12. Be2 g5 13. Bg3 h5 14. Rg1 hxg4 15. hxg4 Bxf3 16. Bxf3 Ne4 17. Bxe4 dxe4 18. Qc2 Qd8 19. Qxe4 Qa5+ 20. Nc3 Nf6 21. Qc2 Nxg4 22. 0-0-0 e6 23. Na4 Rd8 24. Kb1 Rh3 25. Nb6 f5 26. Bc7 Rf3 27. Rxg4 fxg4 28. Qg6+ Rf7 29. Bxd8 1-0

[Event "WLS-ch"]
[Site "Hensol Park"]
[Date "2007.04.08"]
[Round "5"]
[White "Cast, Abigail"]
[Black "Blackburn, Jonathan LB"]
[Result "0-1"]
[WhiteElo "2089"]
[BlackElo "2206"]
[PlyCount "106"]
[EventDate "2007.04.06"]
[EventType "swiss"]
[EventRounds "7"]
[EventCountry "WLS"]
[SourceTitle "CBM 118 Extra"]
[Source "ChessBase"]
[SourceDate "2007.07.04"]
[SourceVersion "1"]
[SourceVersionDate "2007.07.04"]
[SourceQuality "1"]

1. d4 e6 2. Nf3 Nf6 3. Bg5 h6 4. Bh4 b6 5. c4 Bb7 6. Nc3 Bb4 7. a3 Bxc3+ 8. bxc3 g5 9. Bg3 Ne4 10. Qc2 d6 11. e3 Nd7 12. Nd2 f5 13. Nxe4 Bxe4 14. Qb3 Qf6 15. f3 Bc6 16. Be2 h5 17. Bf2 h4 18. 0-0-0 0-0-0 19. Rhf1 e5 20. Bg1 Qg6 21. g4 hxg3 22. hxg3 g4 23. fxg4 fxg4 24. Rd2 Rdf8 25. Rxf8+ Rxf8 26. Bd3 Be4 27. Be2 Bf3 28. Bd3 Be4 29. Be2 Rh8 30. Bd1 Rh1 31. Bf2 Bf3 32. Kb2 Bxd1 33. Rxd1 Rh2 34. Rd2 Qf5 35. Qc2 Qxc2+ 36. Kxc2 Nf6 37. Be1 Rxd2+ 38. Kxd2 c5 39. Kc2 e4 40. Kb3 Kb7 41. Ka4 Ka6 42. Bd2 Nh7 43. Be1 Ng5 44. Bd2 Nf7 45. Be1 Nd8 46. Bf2 Nb7 47. Kb3 Na5+ 48. Ka4 Nxc4 49. Kb3 d5 50. Bg1 Ka5 51. a4 Nd2+ 52. Ka3 c4 53. Bf2 Nf3 0-1

[Event "WLS-ch"]
[Site "Hensol Park"]
[Date "2007.04.08"]
[Round "4"]
[White "Young, Angelo"]
[Black "Cast, Abigail"]
[Result "0-1"]
[WhiteElo "2370"]
[BlackElo "2089"]
[PlyCount "100"]
[EventDate "2007.04.06"]
[EventType "swiss"]
[EventRounds "7"]
[EventCountry "WLS"]
[SourceTitle "CBM 118 Extra"]
[Source "ChessBase"]
[SourceDate "2007.07.04"]
[SourceVersion "1"]
[SourceVersionDate "2007.07.04"]
[SourceQuality "1"]

1. e4 e6 2. d4 d5 3. Nc3 Nf6 4. Bg5 Be7 5. e5 Nfd7 6. h4 a6 7. Qg4 Kf8 8. Nf3 c5 9. dxc5 Nc6 10. Qf4 Nxc5 11. 0-0-0 b5 12. Nd4 Nxd4 13. Rxd4 h6 14. Bxe7+ Qxe7 15. Be2 Bd7 16. Kb1 Bc6 17. h5 Ke8 18. Qg4 Kf8 19. f4 b4 20. Nd1 Ne4 21. Rh3 Qc5 22. Rxe4 dxe4 23. Rg3 Rg8 24. Ne3 Bb5 25. b3 Rd8 26. Qh4 Rd2 27. Bc4 Bxc4 28. bxc4 Ke8 29. f5 Re2 30. Qxe4 Re1+ 31. Kb2 exf5 32. Qa8+ Kd7 33. Qb7+ Ke6 34. Qxa6+ Kxe5 35. Qb5 Qxb5 36. cxb5 f4 37. Ng4+ Ke6 38. Rb3 Re2 39. Rxb4 Rc8 40. b6 Rcxc2+ 41. Kb1 Rcd2 42. Kc1 Rxa2 43. Kb1 Ra8 44. Rxf4 Rb8 45. Rb4 Rxg2 46. Ne3 Rg5 47. Kc2 Rxh5 48. Nc4 Rc5 49. Kb3 Rb7 50. Kc3 Kd5 0-1

[Event "WLS-ch"]
[Site "Hensol Park"]
[Date "2007.04.07"]
[Round "2"]
[White "Blackburn, Suzie G"]
[Black "Cast, Abigail"]
[Result "0-1"]
[WhiteElo "1859"]
[BlackElo "2089"]
[PlyCount "102"]
[EventDate "2007.04.06"]
[EventType "swiss"]
[EventRounds "7"]
[EventCountry "WLS"]
[SourceTitle "CBM 118 Extra"]
[Source "ChessBase"]
[SourceDate "2007.07.04"]
[SourceVersion "1"]
[SourceVersionDate "2007.07.04"]
[SourceQuality "1"]

1. d4 d5 2. Nf3 Nf6 3. Bg5 Bf5 4. e3 e6 5. c4 c6 6. Nc3 Be7 7. a3 Nbd7 8. Be2 0-0 9. 0-0 a5 10. c5 h6 11. Bh4 Re8 12. b4 b5 13. h3 Ne4 14. Nxe4 dxe4 15. Bxe7 Qxe7 16. Nd2 Qg5 17. Kh1 a4 18. g4 Bg6 19. Kh2 Rac8 20. Kg3 f5 21. h4 Qe7 22. gxf5 exf5 23. Rg1 f4+ 24. Kh3 Bf7 25. Bh5 f3 26. Bxf7+ Qxf7 27. Rg3 Qf5+ 28. Kh2 Qh5 29. Rh3 Nf6 30. Nf1 Ng4+ 31. Kg1 Qf5 32. Ng3 Qe6 33. Rh1 Rf8 34. Qd2 Kh8 35. Qa2 Qe8 36. Re1 Rd8 37. Kf1 Rd5 38. Qc2 Nf6 39. Rd1 Qe6 40. Ke1 Re8 41. Rd2 Nh5 42. Nf1 Qg4 43. Rd1 Qg2 44. Rh2 Qg1 45. Kd2 Nf6 46. Ke1 Ng4 47. Rh3 h5 48. Qa2 Qg2 49. Rg3 Qh1 50. Qb1 Qxh4 51. Rxg4 Qxg4 0-1

[Event "Olympiad Women-37"]
[Site "Turin"]
[Date "2006.05.31"]
[Round "10"]
[White "Milligan, Helen"]
[Black "Cast, Abigail"]
[Result "0-1"]
[WhiteElo "2053"]
[BlackElo "2116"]
[PlyCount "114"]
[EventDate "2006.05.21"]
[EventType "team-swiss"]
[EventRounds "13"]
[EventCountry "ITA"]
[SourceTitle "CBM 112 Extra"]
[Source "ChessBase"]
[SourceDate "2006.07.14"]
[SourceVersion "1"]
[SourceVersionDate "2006.07.14"]
[SourceQuality "1"]
[WhiteTeam "Scotland (W)"]
[BlackTeam "Wales (W)"]
[WhiteTeamCountry "SCO"]
[BlackTeamCountry "WLS"]

1. e4 e6 2. d4 d5 3. Nc3 Nf6 4. e5 Nfd7 5. f4 c5 6. Nf3 Nc6 7. Be3 cxd4 8. Nxd4 Bc5 9. Qd2 Nxd4 10. Bxd4 Bxd4 11. Qxd4 f6 12. exf6 Nxf6 13. Bd3 0-0 14. 0-0 Bd7 15. f5 e5 16. Qxe5 Qb6+ 17. Kh1 Rae8 18. Qf4 Qxb2 19. Ne2 Qe5 20. Nd4 Ne4 21. Qxe5 Rxe5 22. Kg1 Nc5 23. Rae1 Nxd3 24. cxd3 Rxe1 25. Rxe1 Re8 26. Rc1 Rc8 27. Rb1 b6 28. g4 Kf7 29. Kf2 Kf6 30. h4 h5 31. g5+ Ke5 32. Ke3 Bxf5 33. Rf1 Bg6 34. Nf3+ Kd6 35. Nd4 Re8+ 36. Kd2 Re7 37. a3 Rd7 38. Kc3 Rc7+ 39. Kd2 Ke5 40. Nb5 Rd7 41. Rf2 a6 42. Nc3 Rf7 43. Re2+ Kd6 44. Nd1 Rf4 45. Kc3 Rxh4 46. Rb2 b5 47. Rg2 Rh3 48. Nf2 Rf3 49. Kd2 Kc5 50. Ke2 Rf4 51. Rg1 Ra4 52. Rc1+ Kd6 53. Rc3 Bf5 54. Rb3 g6 55. Ke3 Ke5 56. Nd1 Rg4 57. Kf3 Rxg5 0-1

[Event "WLS-ch"]
[Site "Hensol Park"]
[Date "2006.04.15"]
[Round "2"]
[White "Jones, Richard S"]
[Black "Cast, Abigail"]
[Result "1-0"]
[WhiteElo "2308"]
[BlackElo "2116"]
[PlyCount "65"]
[EventDate "2006.04.14"]
[EventType "swiss"]
[EventRounds "7"]
[EventCountry "WLS"]
[SourceTitle "EXT 2007"]
[Source "ChessBase"]
[SourceDate "2006.11.23"]
[SourceVersion "1"]
[SourceVersionDate "2006.11.23"]
[SourceQuality "1"]

1. e4 e6 2. d4 d5 3. Nc3 Nf6 4. e5 Nfd7 5. Nce2 c5 6. c3 Nc6 7. f4 Be7 8. Nf3 Qb6 9. a3 cxd4 10. cxd4 Na5 11. Nc3 Nb3 12. Rb1 Nxc1 13. Qxc1 a6 14. Bd3 Qd8 15. 0-0 b5 16. f5 Nb6 17. f6 gxf6 18. exf6 Bxf6 19. Qf4 Ra7 20. b3 h6 21. a4 Bg5 22. Nxg5 hxg5 23. Qe5 Rh4 24. Qg7 Qd6 25. Qg8+ Qf8 26. Qxg5 Rxd4 27. Bxb5+ axb5 28. Nxb5 Ba6 29. Nxa7 Bxf1 30. Nc6 Kd7 31. Nxd4 Bd3 32. Rc1 Qb4 33. Nc6 1-0

[Event "BCF-chT2 0405 (4NCL)"]
[Site "West Bromwich"]
[Date "2005.01.23"]
[Round "6.8"]
[White "Cast, Abigail"]
[Black "Lindner, Daniel"]
[Result "0-1"]
[WhiteElo "2120"]
[BlackElo "2239"]
[PlyCount "66"]
[EventDate "2004.09.18"]
[EventType "team"]
[EventRounds "11"]
[EventCountry "ENG"]
[SourceTitle "EXT 2006"]
[Source "ChessBase"]
[SourceDate "2005.11.24"]
[SourceVersion "1"]
[SourceVersionDate "2005.11.24"]
[SourceQuality "1"]
[WhiteTeam "SW Dragons"]
[BlackTeam "Hilsmark Kingfisher"]
[WhiteTeamCountry "ENG"]
[BlackTeamCountry "ENG"]

1. d4 Nf6 2. Nf3 e6 3. Bg5 h6 4. Bh4 d6 5. Nbd2 g5 6. Bg3 Nh5 7. e3 Bg7 8. Bd3 0-0 9. c3 f5 10. Qb3 a5 11. a4 Qe7 12. Bb1 Kh8 13. Qd1 Nd7 14. Nc4 b6 15. Nfd2 Ndf6 16. b4 axb4 17. cxb4 b5 18. Na5 Bd7 19. axb5 Bxb5 20. Ndb3 f4 21. exf4 e5 22. fxg5 exd4+ 23. Kd2 hxg5 24. Bg6 Bh6 25. Nxd4 d5 26. Rb1 g4+ 27. Kc3 Rxa5 28. bxa5 Ne4+ 29. Bxe4 Qc5+ 30. Kb2 Bg7 31. Ka2 Bc4+ 32. Rb3 Bxd4 33. Bxc7 Rxf2+ 0-1

[Event "Olympiad Women-36"]
[Site "Mallorca"]
[Date "2004.10.22"]
[Round "7.1"]
[White "Cast, Abigail"]
[Black "Yildiz Kadioglu, Betul Cemre"]
[Result "0-1"]
[WhiteElo "2082"]
[BlackElo "2131"]
[PlyCount "124"]
[EventDate "2004.10.15"]
[EventType "team-swiss"]
[EventRounds "14"]
[EventCountry "ESP"]
[SourceTitle "CBM 102 Extra"]
[Source "ChessBase"]
[SourceDate "2004.11.03"]
[SourceVersion "1"]
[SourceVersionDate "2004.11.03"]
[SourceQuality "1"]
[WhiteTeam "Wales (W)"]
[BlackTeam "Turkey (W)"]
[WhiteTeamCountry "WLS"]
[BlackTeamCountry "TUR"]

1. g3 d5 2. Bg2 Nf6 3. Nf3 e6 4. 0-0 Be7 5. d3 b6 6. c3 0-0 7. Qc2 Bb7 8. Nbd2 c5 9. e4 Nc6 10. a3 Rc8 11. Re1 Qc7 12. exd5 exd5 13. Nf1 Rfe8 14. Bg5 h6 15. Bf4 Bd6 16. Bd2 Qd7 17. Nh4 d4 18. c4 Ne5 19. f4 Bxg2 20. fxe5 Bxf1 21. Rxf1 Bxe5 22. Nf5 Rc6 23. Rf3 Ng4 24. Raf1 Rf6 25. Qc1 Ne3 26. Nxe3 Rxf3 27. Rxf3 dxe3 28. Bxe3 Qxd3 29. Kg2 Qe2+ 30. Rf2 Bxb2 31. Qb1 Qxe3 32. Rxb2 Qe4+ 33. Qxe4 Rxe4 34. Rc2 Re3 35. a4 Ra3 36. Kf2 Rxa4 37. Ke3 Ra3+ 38. Ke4 Kf8 39. Kd5 Ke7 40. Kc6 Rb3 41. Rd2 a5 42. Rd7+ Kf6 43. Ra7 g5 44. Kd7 Ke5 45. Ke7 Kd4 46. Kxf7 h5 47. Kg6 h4 48. g4 Kxc4 49. Kxg5 Rh3 50. Kf4 Rxh2 51. g5 h3 52. Rh7 Rf2+ 53. Ke3 Rg2 54. Rh6 Rxg5 55. Rh4+ Kb3 56. Kf4 Rd5 57. Rxh3+ Kb4 58. Ke4 Rd4+ 59. Ke3 a4 60. Rh1 a3 61. Rb1+ Ka4 62. Ra1 b5 0-1

[Event "Olympiad Women-36"]
[Site "Mallorca"]
[Date "2004.10.20"]
[Round "6.1"]
[White "Cast, Abigail"]
[Black "Hernandez Guerrero, Yadira"]
[Result "0-1"]
[WhiteElo "2082"]
[BlackElo "2248"]
[PlyCount "90"]
[EventDate "2004.10.15"]
[EventType "team-swiss"]
[EventRounds "14"]
[EventCountry "ESP"]
[SourceTitle "CBM 102 Extra"]
[Source "ChessBase"]
[SourceDate "2004.11.03"]
[SourceVersion "1"]
[SourceVersionDate "2004.11.03"]
[SourceQuality "1"]
[WhiteTeam "Wales (W)"]
[BlackTeam "Mexico (W)"]
[WhiteTeamCountry "WLS"]
[BlackTeamCountry "MEX"]

1. d4 Nf6 2. Nf3 g6 3. c4 Bg7 4. Nc3 0-0 5. Bg5 d6 6. e3 Nbd7 7. Be2 h6 8. Bh4 Re8 9. 0-0 e5 10. Re1 c6 11. Qc2 Qa5 12. Bf1 Nh5 13. Bg3 Nxg3 14. hxg3 Nf6 15. a3 e4 16. b4 Qf5 17. Nh2 d5 18. cxd5 Nxd5 19. g4 Qe6 20. b5 Bd7 21. bxc6 Bxc6 22. Nb5 a6 23. Nc3 Rac8 24. Na4 Bxa4 25. Qxa4 Nc3 26. Qb4 Rc7 27. Qb2 Rec8 28. Be2 Bf8 29. a4 Bd6 30. g3 a5 31. Bd1 Bb4 32. Bb3 Qf6 33. Rf1 Qd6 34. Kg2 b5 35. axb5 Nxb5 36. Qe2 Nc3 37. Qc2 Kg7 38. f3 Re7 39. Qf2 Nd5 40. fxe4 Rxe4 41. Bxd5 Qxd5 42. Qf3 Qe6 43. Rf2 Rxe3 44. Qf4 Rcc3 45. Nf1 Bd6 0-1

[Event "Olympiad Women-36"]
[Site "Mallorca"]
[Date "2004.10.19"]
[Round "5.1"]
[White "Sedina, Elena"]
[Black "Cast, Abigail"]
[Result "1/2-1/2"]
[WhiteElo "2431"]
[BlackElo "2082"]
[PlyCount "68"]
[EventDate "2004.10.15"]
[EventType "team-swiss"]
[EventRounds "14"]
[EventCountry "ESP"]
[SourceTitle "CBM 102 Extra"]
[Source "ChessBase"]
[SourceDate "2004.11.03"]
[SourceVersion "1"]
[SourceVersionDate "2004.11.03"]
[SourceQuality "1"]
[WhiteTeam "Italy (W)"]
[BlackTeam "Wales (W)"]
[WhiteTeamCountry "ITA"]
[BlackTeamCountry "WLS"]

1. c4 c6 2. e4 d5 3. exd5 cxd5 4. cxd5 Nf6 5. Nc3 g6 6. Bc4 Bg7 7. Nf3 0-0 8. 0-0 Nbd7 9. d4 Nb6 10. Bb3 Nbxd5 11. Re1 e6 12. Bg5 h6 13. Bh4 g5 14. Bg3 a6 15. Ne5 Nb4 16. Rc1 Nc6 17. Nxc6 bxc6 18. h4 Nd5 19. hxg5 hxg5 20. Qh5 f5 21. Nxd5 cxd5 22. Rc7 f4 23. Bc2 Rf5 24. Bxf5 Qxc7 25. Qe8+ Bf8 26. Bxe6+ Bxe6 27. Qxe6+ Kg7 28. Qxd5 fxg3 29. fxg3 Qxg3 30. Qb7+ Kh6 31. Qxa8 Qxe1+ 32. Kh2 Qh4+ 33. Kg1 Qe1+ 34. Kh2 Qf2 1/2-1/2

[Event "EU-Cup 20th"]
[Site "Izmir"]
[Date "2004.10.05"]
[Round "3.2"]
[White "Cast, Abigail"]
[Black "Trygstad, Kristian J"]
[Result "1/2-1/2"]
[WhiteElo "2082"]
[BlackElo "2283"]
[PlyCount "46"]
[EventDate "2004.10.03"]
[EventType "team-swiss"]
[EventRounds "7"]
[EventCountry "TUR"]
[SourceTitle "CBM 104"]
[Source "ChessBase"]
[SourceDate "2005.01.27"]
[SourceVersion "1"]
[SourceVersionDate "2005.01.27"]
[SourceQuality "1"]
[WhiteTeam "Nidum Liberals"]
[BlackTeam "Oslo"]
[WhiteTeamCountry "WLS"]
[BlackTeamCountry "NOR"]

1. d4 f5 2. g4 fxg4 3. Bf4 d5 4. h3 Nf6 5. hxg4 Bxg4 6. Qd3 Qd7 7. Bh3 Nc6 8. Bxg4 Qxg4 9. Nh3 Qg2 10. Rh2 Qe4 11. Qxe4 Nxe4 12. c3 Kd7 13. Nd2 Nd6 14. 0-0-0 h6 15. Rg1 e6 16. Nf3 Nf7 17. Ne5+ Ncxe5 18. Bxe5 Rg8 19. Rg6 Nh8 20. Rg1 Bd6 21. Nf4 Bxe5 22. dxe5 Nf7 23. Ng6 Rae8 1/2-1/2

[Event "EU-Cup 20th"]
[Site "Izmir"]
[Date "2004.10.04"]
[Round "2.2"]
[White "Feygin, Michael"]
[Black "Cast, Abigail"]
[Result "1-0"]
[WhiteElo "2481"]
[BlackElo "2082"]
[PlyCount "61"]
[EventDate "2004.10.03"]
[EventType "team-swiss"]
[EventRounds "7"]
[EventCountry "TUR"]
[SourceTitle "CBM 104"]
[Source "ChessBase"]
[SourceDate "2005.01.27"]
[SourceVersion "1"]
[SourceVersionDate "2005.01.27"]
[SourceQuality "1"]
[WhiteTeam "Eupen Rochade"]
[BlackTeam "Nidum Liberals"]
[WhiteTeamCountry "BEL"]
[BlackTeamCountry "WLS"]

1. e4 e6 2. d4 d5 3. Nc3 Nf6 4. Bg5 Be7 5. e5 Nfd7 6. h4 a6 7. Qg4 Kf8 8. Nf3 c5 9. dxc5 Nc6 10. Qf4 Nxc5 11. 0-0-0 b5 12. Bd3 b4 13. Ne2 Bd7 14. Rh3 Nxd3+ 15. Rxd3 h6 16. Bxe7+ Qxe7 17. Nfd4 Nxd4 18. Nxd4 Ke8 19. Rhg3 Rh7 20. h5 Rc8 21. Rg4 Rc4 22. b3 Rc3 23. Qd2 f5 24. exf6 Qxf6 25. Nf3 Bb5 26. Rxc3 bxc3 27. Qe3 Bd7 28. Rf4 Qe7 29. Qxc3 Rh8 30. Qc7 Rg8 31. Ne5 1-0

[Event "EU-Cup 20th"]
[Site "Izmir"]
[Date "2004.10.03"]
[Round "1.2"]
[White "Dizdarevic, Emir"]
[Black "Cast, Abigail"]
[Result "1/2-1/2"]
[WhiteElo "2538"]
[BlackElo "2082"]
[PlyCount "122"]
[EventDate "2004.10.03"]
[EventType "team-swiss"]
[EventRounds "7"]
[EventCountry "TUR"]
[SourceTitle "CBM 104"]
[Source "ChessBase"]
[SourceDate "2005.01.27"]
[SourceVersion "1"]
[SourceVersionDate "2005.01.27"]
[SourceQuality "1"]
[WhiteTeam "Sarajevo Zeljeznicar"]
[BlackTeam "Nidum Liberals"]
[WhiteTeamCountry "BIH"]
[BlackTeamCountry "WLS"]

1. Nf3 d5 2. g3 c5 3. Bg2 Nc6 4. d4 e6 5. 0-0 Nf6 6. b3 Be7 7. Bb2 Qc7 8. dxc5 Bxc5 9. c4 dxc4 10. Qc1 Be7 11. Qxc4 a5 12. Ne5 0-0 13. Nxc6 bxc6 14. Qxc6 Qxc6 15. Bxc6 Ra7 16. Nc3 Rc7 17. Bf3 Ba6 18. Rfc1 Rfc8 19. Na4 Nd5 20. Rxc7 Rxc7 21. Rc1 Rxc1+ 22. Bxc1 Nb4 23. Ba3 Kf8 24. Nc3 Ke8 25. Kf1 Kd7 26. Bc1 Bf6 27. Bd2 Bxc3 28. Bxc3 Nxa2 29. Bxa5 Nc1 30. Bc3 Nxb3 31. Bxg7 Nd2+ 32. Kg2 Nxf3 33. Kxf3 f5 34. e3 h5 35. Kf4 Ke7 36. e4 fxe4 37. Kxe4 Kf7 38. Bd4 Kg6 39. Kf4 Bf1 40. f3 h4 41. g4 h3 42. Kg3 Bg2 43. f4 Bf1 44. Be3 Bg2 45. Bd2 Bf1 46. Kf3 Bg2+ 47. Ke3 Bd5 48. Be1 Bg2 49. Bg3 Bd5 50. Bh4 Bg2 51. Kf2 Bd5 52. Kg3 Bg2 53. Bd8 Bf1 54. Bc7 Bg2 55. Be5 Bf1 56. Kf3 Bg2+ 57. Ke3 Bd5 58. Kd4 Bf3 59. g5 Bg4 60. Bd6 Bf5 61. Ke5 Bg4 1/2-1/2

[Event "BCF-chT2 0304 (4NCL)"]
[Site "West Bromwich"]
[Date "2004.05.01"]
[Round "7.8"]
[White "Cast, Abigail"]
[Black "Connolly, Suzanne"]
[Result "1-0"]
[WhiteElo "2094"]
[BlackElo "2072"]
[PlyCount "38"]
[EventDate "2003.11.17"]
[EventType "team"]
[EventRounds "11"]
[EventCountry "ENG"]
[SourceTitle "EXT 2005"]
[Source "ChessBase"]
[SourceDate "2004.11.15"]
[SourceVersion "1"]
[SourceVersionDate "2004.11.15"]
[SourceQuality "1"]
[WhiteTeam "SW Dragons"]
[BlackTeam "Kings Head"]
[WhiteTeamCountry "ENG"]
[BlackTeamCountry "ENG"]

1. d4 d5 2. c4 c6 3. Nc3 dxc4 4. e4 Nf6 5. e5 Nd5 6. Bxc4 e6 7. Nge2 Be7 8. 0-0 0-0 9. Kh1 b6 10. f4 g6 11. g4 Re8 12. Bxd5 exd5 13. f5 Na6 14. Qd3 Bf8 15. Ng3 Nc7 16. Qf3 Qe7 17. Be3 Ba6 18. Rg1 Rad8 19. Nh5 Qh4 1-0

[Event "EU-Cup 19th"]
[Site "Rethymno"]
[Date "2003.09.28"]
[Round "1.3"]
[White "Zhigalko, Sergei"]
[Black "Cast, Abigail"]
[Result "1-0"]
[WhiteElo "2399"]
[BlackElo "2104"]
[PlyCount "71"]
[EventDate "2003.09.28"]
[EventType "team-swiss"]
[EventRounds "7"]
[EventCountry "GRE"]
[SourceTitle "CBM 098"]
[Source "ChessBase"]
[SourceDate "2004.02.03"]
[SourceVersion "1"]
[SourceVersionDate "2004.02.03"]
[SourceQuality "1"]
[WhiteTeam "Minsk Vesnianka"]
[BlackTeam "Nidum Liberals"]
[WhiteTeamCountry "BLR"]
[BlackTeamCountry "WLS"]

1. e4 e6 2. d4 d5 3. e5 c5 4. c3 Nc6 5. Nf3 Qb6 6. a3 cxd4 7. cxd4 Bd7 8. b4 Nge7 9. Nc3 Nf5 10. Na4 Qc7 11. Bb2 Rc8 12. Rc1 Qb8 13. Bd3 g6 14. g4 Ng7 15. 0-0 Be7 16. Nc5 h5 17. h3 a6 18. Kg2 Na7 19. Nxd7 Kxd7 20. Bc3 Nc6 21. Qd2 b5 22. Rc2 a5 23. bxa5 Bxa3 24. Rb1 b4 25. Bb2 Bxb2 26. Rbxb2 hxg4 27. hxg4 Rc7 28. Rc5 Qg8 29. Qf4 Qh7 30. Kf1 Qh1+ 31. Ng1 Rh2 32. Qxf7+ Kd8 33. Qf6+ Kc8 34. Qf8+ Kb7 35. Rxb4+ Ka7 36. Rxc6 1-0

[Event "BCF-chT 0203 (4NCL)"]
[Site "West Bromwich"]
[Date "2003.04.12"]
[Round "7.8"]
[White "Cast, Abigail"]
[Black "Wilson, Alexandra"]
[Result "1-0"]
[WhiteElo "2114"]
[BlackElo "2037"]
[PlyCount "63"]
[EventDate "2002.11.??"]
[EventType "team"]
[EventRounds "11"]
[EventCountry "ENG"]
[SourceTitle "EXT 2004"]
[Source "ChessBase"]
[SourceDate "2003.11.25"]
[SourceVersion "1"]
[SourceVersionDate "2003.11.25"]
[SourceQuality "1"]
[WhiteTeam "SW Dragons"]
[BlackTeam "Richmond"]
[WhiteTeamCountry "ENG"]
[BlackTeamCountry "ENG"]

1. d4 Nf6 2. Nf3 g6 3. Bg5 Bg7 4. Nbd2 0-0 5. e3 d6 6. Bd3 c5 7. c3 h6 8. Bh4 Nc6 9. 0-0 cxd4 10. exd4 Nh5 11. Re1 Qc7 12. d5 Ne5 13. Nxe5 Bxe5 14. Nf3 Bg4 15. h3 Bxf3 16. Qxf3 Nf4 17. Bc2 e6 18. dxe6 fxe6 19. Qg4 Qg7 20. Bg3 h5 21. Qg5 Rf6 22. Rad1 Raf8 23. c4 Qc7 24. b3 Rf5 25. Bxf5 Rxf5 26. Bxf4 Rxg5 27. Bxg5 Qf7 28. Be3 b6 29. Rd3 Kf8 30. Bh6+ Ke7 31. Bg5+ Ke8 32. Rxe5 1-0